000 00910nam a2200253Ia 4500
003 OSt
005 20220918110824.0
006 a|||||r|||| 00| 0
007 ta
008 220915b |||||||| |||| 00| 0 hin d
024 _a157948
037 _cReference Collections
040 _aARTS
_cARTS
_bhin
041 _2hin
_ahin
082 _a4:(P152)k, N0(RR)
100 _aगुप्त, अशोेक, संपा.
245 0 _aहिन्दी पत्रकारिता कोश
246 _aHindī patrakāritā kosha
260 _aनई दिल्ली
_bइस्टीट्युट आफ जर्नलिज्म
_c1990
300 _a291चण्
650 _aहिन्दी पत्रकारिता
_99689
942 _h4:(P152)k, N0(RR)
_cREF
999 _c115001
_d115001